[Event "Madurai Athens of the East op 1st"]
[Site "Madurai"]
[Date "2019.08.12"]
[Round "2"]
[White "Jayachandra, Srinivas Vellanki"]
[Black "Tukhaev, Adam"]
[Result "0-1"]
[WhiteElo "2046"]
[BlackElo "2541"]
[PlyCount "70"]
[EventDate "2019.08.11"]
[EventType "swiss"]
[EventRounds "10"]
[EventCountry "IND"]
[SourceTitle "CBM 191 Extra"]
[Source "ChessBase"]
[SourceDate "2019.09.30"]
[SourceVersion "1"]
[SourceVersionDate "2019.09.30"]
[SourceQuality "1"]

1. d4 g6 2. c4 Bg7 3. Nc3 d6 4. e4 Nc6 5. Be3 e5 6. Nge2 Nh6 7. f3 f6 8. Qd2 Nf7 9. d5 Ne7 10. g3 c5 11. Bg2 f5 12. 0-0 0-0 13. Rab1 b6 14. b4 Bd7 15. bxc5 dxc5 16. a4 Nc8 17. Nb5 Ncd6 18. Nxd6 Nxd6 19. Qc2 Qc8 20. a5 fxe4 21. fxe4 Rxf1+ 22. Bxf1 Nxe4 23. axb6 axb6 24. Rxb6 Qc7 25. Qb1 Nd6 26. Nc1 Rf8 27. Be2 Bh3 28. Rc6 Qf7 29. Qd3 e4 30. Qd1 Bd4 31. Bxd4 cxd4 32. Qe1 d3 33. Nxd3 exd3 34. Bxd3 Ne4 35. Ra6 Nc5 0-1